Statistiques concernant Pays par drapeaux des pays frontaliers n°1

Cliquez ici pour prendre le quiz!

Statistiques générales

  • Ce quiz a été pris 16 117 fois
  • Le résultat moyen est 16 sur 20

Statistiques - réponses

DrapeauxPays% Correct
Canada
99%
Andorre
94%
Royaume-Uni
94%
Pays-Bas
93%
Etats-Unis
92%
Suède
92%

Espagne
89%
Uruguay
88%
Irlande
86%
Mongolie
86%
Corée du Nord
81%
Danemark
76%
Lesotho
75%
Liban
70%
Qatar
68%
Cambodge
60%
Bangladesh
58%
Indonésie
53%
Panama
53%
Brunei
44%

Distribution des résultats

Percentile par nombre de réponses

% des personnes avec chaque résultat

Votre développement - résultats

Vous n’avez pas pris ce quiz